| 000 | 00971nam a22002897a 4500 | ||
|---|---|---|---|
| 999 |
_c171420 _d171420 |
||
| 003 | OSt | ||
| 005 | 20190305114528.0 | ||
| 008 | 190305t20082008e ||||| |||| 00| 0 eng d | ||
| 020 |
_a9781407541570 _cRM 26.90 _qhardback |
||
| 040 |
_aPPAK _beng _cPPAK _erda |
||
| 082 | 0 | 4 |
_223 _a599.78 |
| 090 |
_a599.78 _bKIE _dR |
||
| 100 | 1 |
_aKieling, Andreas. _eauthor. |
|
| 245 | 1 | 0 |
_aSPIRIT OF THE BEAR / _cAndreas Kieling. |
| 250 | _aEnglish edition. | ||
| 264 | 1 |
_aBath, England : _bParragon Books Ltd ; _c2008 |
|
| 264 | 4 | _c©2008 | |
| 300 |
_a239 pages : _bcolor illustrations ; _c32 cm |
||
| 336 |
_2rdacontent _atext |
||
| 337 |
_2rdamedia _aunmediated |
||
| 338 |
_2rdacarrier _avolume |
||
| 500 | _a"Spectacular photographs and fascinating persepectives"--Cover. | ||
| 500 | _aOver 200 photographs capture many aspects of the live of brown bears, polar bears and American black bears. | ||
| 500 | _aIncludes index. | ||
| 650 | 1 | 0 | _aBears. |
| 942 |
_2ddc _cB |
||